Normal view
MARC view
- Patel, Dinesh J.,
Entry Personal Name
001 - CONTROL NUMBER
- control field: 25963
003 - CONTROL NUMBER IDENTIFIER
- control field: NUST
005 - DATE AND TIME OF LATEST TRANSACTION
- control field: 20191120160411.0
008 - FIXED-LENGTH DATA ELEMENTS
- fixed length control field: 191120|| aca||aabn | a|a d
040 ## - CATALOGING SOURCE
- Original cataloging agency: NUST
- Transcribing agency: NUST
100 ## - HEADING--PERSONAL NAME
- Personal name: Patel, Dinesh J.,
670 ## - SOURCE DATA FOUND
- Source citation: Work cat.: (NUST)0: Patel, Dinesh J., author., Shock transmission units in construction /
